000 00819nam a2200217 i 4500
001 42296
003 ES-MaACL
005 20230906160602.0
007 t|
008 030313s1871 sp ||||1| spa d
080 _a792:17
100 1 _aCastillo y Alba, Enrique del.
_936773
245 1 0 _aDe los espectáculos dramáticos en sus relaciones con la moral pública /
_cpor D. Enrique del Castillo y Alba.
260 _aMadrid :
_b[s.n.],
_c1871 (
_fImp. a cargo de A. Pérez Dubrull)
300 _a59 p. ;
_c19 cm.
530 _aDisponible en formato digital.
650 4 _aTeatro-
_xAspectos morales.
_9155955
852 4 _aES-MaACL
_jT-123-F-1
852 4 _aES-MaACL
_jT-160-F-5
_z- Dedicatoria autógrafa del autor
856 4 _uhttp://bdh-rd.bne.es/viewer.vm?id=0000091986&page=1
_zBiblioteca Digital Hispánica
999 _c42296
_d42296